[Event "Linares"]
[Site "?"]
[Date "1995.??.??"]
[Round "?"]
[White "Shirov, A."]
[Black "Akopian, V."]
[Result "1-0"]
[WhiteElo "2710"]
[BlackElo "2655"]
[PlyCount "97"]
[EventDate "1995.??.??"]
[Source "ChessBase"]
[SourceDate "1995.02.01"]

1. e4 e5 2. Nf3 Nf6 3. Nc3 Bb4 4. Nxe5 O-O 5. Be2 Re8 6. Nd3 Bxc3 7. dxc3 Nxe4 8. Nf4 d6 9. O-O Nd7 10. f3 Nef6 11. c4 Nf8 12. b3 Qe7 13. Rf2 Qe5 14. Rb1 Bd7 15. Nd3 Qe7 16. Bb2 Qe3 17. Nb4 a5 18. Nd5 Nxd5 19. cxd5 Ng6 20. Bf1 Nh4 21. c4 Nf5 22. Qd2 b6 23. Bc3 h5 24. Bd3 Re7 25. Qxe3 Rxe3 26. Rd2 Rae8 27. Kf2 R3e7 28. Rc1 f6 29. a3 Kf7 30. b4 axb4 31. axb4 Ne3 32. Bd4 Nf5 33. Bb2 Ne3 34. c5 bxc5 35. bxc5 Bf5 36. Ba6 Ra8 37. Be2 Bg6 38. cxd6 cxd6 39. Rc6 Rd8 40. Ba3 Nf5 41. g4 hxg4 42. fxg4 Nh6 43. Bxd6 Red7 44. Bc7 Re8 45. h3 Kg8 46. Rc5 Rc8 47. d6 Nf7 48. Bb5 Nxd6 49. Bxd6 1-0

[Event "WchT 4th"]
[Site "Luzern"]
[Date "1997.10.26"]
[Round "2"]
[White "Svidler, Peter"]
[Black "Akopian, Vladimir"]
[Result "1/2-1/2"]
[WhiteElo "2660"]
[BlackElo "2660"]
[PlyCount "59"]
[EventDate "1997.10.??"]
[Source "ChessBase"]
[SourceDate "1998.01.31"]

1. e4 e5 2. Nf3 Nf6 3. Nc3 Bb4 4. Nxe5 O-O 5. Nd3 Bxc3 6. dxc3 Nxe4 7. Be2 d5 8. O-O c6 9. Nf4 Re8 10. c4 d4 11. Bd3 Na6 12. c3 Bf5 13. g4 Bg6 14. f3 Ng5 15. Bxg6 hxg6 16. cxd4 b5 17. cxb5 cxb5 18. d5 Rc8 19. d6 Rc6 20. d7 Re7 21. Qd5 Rc5 22. Qd6 Rxd7 23. Qxa6 Nxf3+ 24. Rxf3 Rd1+ 25. Kg2 Qh4 26. Ne2 Rc2 27. Rf2 Qxg4+ 28. Ng3 Rxf2+ 29. Kxf2 Qd4+ 30. Kg2 1/2-1/2

[Event "Skolernes Skakklub"]
[Site "Aarhus"]
[Date "1997.06.24"]
[Round "5"]
[White "Adams, Michael"]
[Black "Rozentalis, Eduardas"]
[Result "1/2-1/2"]
[WhiteElo "2665"]
[BlackElo "2650"]
[PlyCount "95"]
[EventDate "1997.06.20"]
[Source "ChessBase"]
[SourceDate "1997.10.13"]

1. e4 e5 2. Nf3 Nf6 3. Nc3 Bb4 4. Nxe5 O-O 5. Nd3 Bxc3 6. dxc3 Nxe4 7. Be2 d5 8. O-O c6 9. Nf4 Bf5 10. c4 d4 11. Bd3 Re8 12. f3 Nd6 13. c5 Bxd3 14. Qxd3 Nb5 15. a4 Nc7 16. c3 dxc3 17. Qxc3 a5 18. Nh5 f6 19. Bh6 Nd5 20. Qc4 g6 21. Ng3 Nd7 22. Rfe1 f5 23. Bd2 Rxe1+ 24. Rxe1 Qf8 25. Rc1 Qe7 26. Nf1 Qe5 27. Ne3 N7f6 28. Nxd5 Nxd5 29. Rb1 Kf8 30. b3 Re8 31. Re1 Qb2 32. Rxe8+ Kxe8 33. Qd3 Kf7 34. g3 Qa1+ 35. Kg2 Qd1 36. h4 h5 37. Kf2 Qh1 38. Bf4 Qa1 39. Bd2 Qd1 40. Qd4 Qxb3 41. Bxa5 Qc2+ 42. Bd2 Qd1 43. Qb2 Ke6 44. a5 Qh1 45. Qxb7 Qh2+ 46. Ke1 Qxg3+ 47. Ke2 Qg2+ 48. Ke1 1/2-1/2

[Event "Muenchen"]
[Site "?"]
[Date "1994.??.??"]
[Round "?"]
[White "Benjamin, J."]
[Black "Yusupov, A."]
[Result "1/2-1/2"]
[WhiteElo "2620"]
[BlackElo "2665"]
[PlyCount "52"]
[EventDate "1994.??.??"]
[Source "ChessBase"]
[SourceDate "1994.02.01"]

1. e4 e5 2. Nf3 Nf6 3. Nc3 Bb4 4. Nxe5 O-O 5. Be2 Re8 6. Nd3 Bxc3 7. dxc3 Nxe4 8. O-O d5 9. Nf4 c6 10. Be3 Nd6 11. Bd3 Bf5 12. Qh5 g6 13. Qh6 Bxd3 14. cxd3 Nf5 15. Qh3 Nd7 16. Rae1 Qf6 17. Bd2 Ne5 18. d4 Nc4 19. Bc1 Re4 20. Rxe4 dxe4 21. Re1 Re8 22. Nd3 h5 23. Nc5 Ncd6 24. Bf4 b6 25. Bxd6 Nxd6 26. Nd7 Qe6 1/2-1/2

[Event "TCh-AUT 1st Bundesliga 2007-8"]
[Site "Graz AUT"]
[Date "2008.03.14"]
[Round "9"]
[White "Baklan, V."]
[Black "Ruck, R1."]
[Result "1/2-1/2"]
[WhiteElo "2647"]
[BlackElo "2572"]
[PlyCount "41"]
[EventDate "2008.03.14"]
[Source "www.chesslib.no"]
[SourceDate "2004.05.04"]

1. e4 e5 2. Nf3 Nf6 3. Nc3 Bb4 4. Nxe5 O-O 5. Nd3 Bxc3 6. dxc3 Nxe4 7. Be2 Re8 8. O-O d5 9. Nf4 c6 10. c4 d4 11. Bd3 Na6 12. c3 c5 13. Nd5 Bf5 14. f3 Nd6 15. Bf4 Be6 16. cxd4 cxd4 17. Rc1 Nxc4 18. Bxc4 Bxd5 19. Qxd4 Bxc4 20. Rxc4 b5 21. Qxd8 1/2-1/2

[Event "EU-ch 2nd"]
[Site "Ohrid"]
[Date "2001.06.13"]
[Round "12"]
[White "Conquest, Stuart"]
[Black "Piket, Jeroen"]
[Result "1-0"]
[WhiteElo "2563"]
[BlackElo "2628"]
[PlyCount "81"]
[EventDate "2001.06.01"]
[Source "ChessBase"]
[SourceDate "2001.09.13"]

1. e4 e5 2. Nf3 Nf6 3. Nc3 Bb4 4. Nxe5 O-O 5. Be2 Re8 6. Nd3 Bxc3 7. dxc3 Nxe4 8. Nf4 d6 9. O-O Nd7 10. c4 Nf8 11. f3 Nc5 12. b3 Nfe6 13. Nh5 g6 14. Ng3 Qf6 15. Rb1 Qd4+ 16. Kh1 Qxd1 17. Bxd1 a5 18. Kg1 b6 19. Re1 Bb7 20. a4 f6 21. Kf2 Kf7 22. Ne2 Ng7 23. Nd4 Rxe1 24. Kxe1 Re8+ 25. Kf2 Nge6 26. Nb5 Bc6 27. Be3 f5 28. Bd2 Re7 29. h4 Bxb5 30. axb5 Re8 31. Ra1 Re7 32. Kf1 Re8 33. c3 Nd3 34. b4 Ne5 35. Be2 axb4 36. cxb4 Nd4 37. Ra7 Re7 38. Bg5 Rd7 39. c5 dxc5 40. bxc5 Ne6 41. f4 1-0

[Event "EU-ch 2nd"]
[Site "Ohrid"]
[Date "2001.06.10"]
[Round "9"]
[White "Chernyshov, Konstantin"]
[Black "Jussupow, Artur"]
[Result "1/2-1/2"]
[WhiteElo "2536"]
[BlackElo "2645"]
[PlyCount "206"]
[EventDate "2001.06.01"]
[Source "ChessBase"]
[SourceDate "2001.09.13"]

1. e4 e5 2. Nf3 Nf6 3. Nc3 Bb4 4. Bc4 d6 5. O-O Bg4 6. h3 Bh5 7. g4 Bg6 8. d3 c6 9. Ne2 Nbd7 10. c3 Ba5 11. b4 Bc7 12. Bb3 Nf8 13. Ng3 Ne6 14. g5 Nh5 15. Bxe6 fxe6 16. Nxe5 dxe5 17. Nxh5 O-O 18. Ng3 Rf4 19. Qb3 Qxd3 20. Be3 Qd7 21. Rad1 Qf7 22. Rd2 Rxe4 23. Qd1 Rxe3 24. fxe3 Qe7 25. h4 Bb6 26. Qf3 Rf8 27. Qxf8+ Qxf8 28. Rxf8+ Kxf8 29. Kf2 Ke7 30. a4 e4 31. c4 a6 32. Rb2 Kd7 33. Ne2 Kc8 34. c5 Bc7 35. b5 axb5 36. axb5 e5 37. bxc6 bxc6 38. Ng3 Bd8 39. Ra2 Kd7 40. Ra7+ Bc7 41. Ke1 Kc8 42. Kd2 Kd7 43. Kc3 Kc8 44. Kd2 Kb8 45. Ra4 Kc8 46. Nxe4 h6 47. Nd6+ Kd7 48. gxh6 gxh6 49. Rg4 Ba5+ 50. Kc1 Bd3 51. e4 Bb4 52. Rg7+ Ke6 53. Rg6+ Kd7 54. Nf7 Bxe4 55. Nxe5+ Kc7 56. Rg7+ Kc8 57. Rg8+ Kb7 58. Rg4 Ba3+ 59. Kd2 Bf5 60. Rf4 Bb1 61. Rf3 Bb4+ 62. Kc1 Ba2 63. Nd3 Bc3 64. Kc2 Bg7 65. Rg3 Bf8 66. Kc3 Kc7 67. Kd4 Be7 68. Rg7 Kd8 69. Ne5 Bf6 70. Rh7 Bd5 71. h5 Ke8 72. Rxh6 Ke7 73. Rg6 Ke6 74. h6 Kf5 75. Rxf6+ Kxf6 76. Ke3 Bh1 77. Kf4 Bg2 78. Kg4 Be4 79. Nd7+ Kg6 80. h7 Kg7 81. Nf6 Bg2 82. Kf4 Bh1 83. Ke5 Bg2 84. Kd6 Bh1 85. Nd7 Kxh7 86. Ne5 Kg7 87. Nxc6 Kf8 88. Kd7 Bg2 89. Nd4 Bh1 90. Ne6+ Kf7 91. Nc7 Bg2 92. Kd6 Bb7 93. Kd7 Bg2 94. Nb5 Kf8 95. Na3 Bh3+ 96. Kd8 Bg2 97. Nc4 Kf7 98. Kd7 Bh1 99. Nb6 Bg2 100. Nc4 Bh1 101. Nd6+ Kf8 102. Nb5 Bg2 103. Nc7 Kf7 1/2-1/2

[Event "TCN Cup 3rd "]
[Site "Beijing"]
[Date "1997.08.17"]
[Round "8"]
[White "Sermek, Drazen"]
[Black "Alterman, Boris"]
[Result "1/2-1/2"]
[WhiteElo "2565"]
[BlackElo "2615"]
[PlyCount "29"]
[EventDate "1997.08.11"]
[Source "ChessBase"]
[SourceDate "1997.11.23"]

1. e4 e5 2. Nf3 Nf6 3. Nc3 Bb4 4. Nxe5 O-O 5. Be2 Re8 6. Nd3 Bxc3 7. dxc3 Nxe4 8. Nf4 d6 9. O-O Nd7 10. f3 Nec5 11. c4 Ne6 12. Nd5 Nb6 13. Be3 Nc5 14. Qd2 Be6 15. Nxb6 1/2-1/2

[Event "Borowski"]
[Site "?"]
[Date "2000.09.02"]
[Round "10"]
[White "Glek Igor V"]
[Black "Jussupow Artur M"]
[Result "1-0"]
[WhiteElo "2553"]
[BlackElo "2610"]
[PlyCount "61"]
[EventDate "2000.??.??"]
[Source "www.chesslib.no"]
[SourceDate "2004.05.04"]

1. e4 e5 2. Nf3 Nf6 3. Nc3 Bb4 4. Nxe5 O-O 5. Be2 Re8 6. Nd3 Bxc3 7. dxc3 Nxe4 8. O-O d5 9. Nf4 c6 10. Be3 Nd6 11. Re1 Nd7 12. Nh5 Nf8 13. Bf4 Ng6 14. Qd4 Nf5 15. Qd2 Bd7 16. h3 Nxf4 17. Nxf4 Qg5 18. g3 Nxg3 19. fxg3 Qxg3+ 20. Ng2 Bxh3 21. Bf1 Bf5 22. Bd3 Be4 23. Bxe4 dxe4 24. Re3 Qg5 25. Rf1 Re6 26. Rf4 f5 27. Qf2 Rf8 28. Rg3 Qf6 29. Ne3 Qe5 30. Nxf5 Kh8 31. Rgg4 1-0

[Event "NED-ch"]
[Site "NED"]
[Date "1994.??.??"]
[Round "9"]
[White "Nijboer, Friso"]
[Black "Piket, Jeroen"]
[Result "0-1"]
[WhiteElo "2530"]
[BlackElo "2605"]
[PlyCount "62"]
[EventDate "1994.06.??"]
[Source "ChessBase"]

1. e4 e5 2. Nf3 Nf6 3. Nc3 Bb4 4. Nxe5 O-O 5. Be2 Re8 6. Nd3 Bxc3 7. dxc3 Nxe4 8. Nf4 d6 9. O-O Nd7 10. c4 Ndf6 11. f3 Nc5 12. b3 Qe7 13. Rf2 Qe5 14. Rb1 Bd7 15. Bf1 Ne6 16. Nd3 Qh5 17. Bb2 a5 18. Qd2 Bc6 19. Bxf6 gxf6 20. Qc3 Qh6 21. Re1 b6 22. f4 f5 23. Re3 Nf8 24. Rfe2 Re6 25. Rg3+ Ng6 26. Rg5 Rae8 27. Qd2 Qg7 28. Rxf5 Rxe2 29. Bxe2 Qd4+ 30. Kf1 Bxg2+ 31. Kxg2 Nh4+ 0-1

[Event "05.OIBayEM Bad Wiessee op"]
[Site "?"]
[Date "2001.11.03"]
[Round "8"]
[White "Galdunts Sergey"]
[Black "Rozentalis Eduardas"]
[Result "1/2-1/2"]
[WhiteElo "2514"]
[BlackElo "2601"]
[PlyCount "20"]
[EventDate "2001.??.??"]
[Source "www.chesslib.no"]
[SourceDate "2004.05.04"]

1. e4 e5 2. Nf3 Nf6 3. Nc3 Bb4 4. Nxe5 O-O 5. Be2 Re8 6. Nd3 Bxc3 7. dxc3 Nxe4 8. Nf4 d6 9. O-O Nd7 10. f3 Nef6 1/2-1/2

[Event "Shenzhen"]
[Site "Shenzhen"]
[Date "1992.??.??"]
[Round "11"]
[White "Ye Jiangchuan"]
[Black "Ye Rongguang"]
[Result "1/2-1/2"]
[WhiteElo "2545"]
[BlackElo "2540"]
[PlyCount "96"]
[EventDate "1992.??.??"]
[Source "ChessBase"]

1. e4 e5 2. Nf3 Nf6 3. Nc3 Bb4 4. Nxe5 O-O 5. Nd3 Bxc3 6. dxc3 Nxe4 7. Be2 d5 8. O-O c6 9. Nf4 Nd6 10. Kh1 Nd7 11. g4 b6 12. f3 Re8 13. Ng2 Bb7 14. Bf4 Nc5 15. Qd2 Qd7 16. Rae1 Rad8 17. b3 Ne6 18. Bg3 c5 19. a4 Qc8 20. Nf4 Qa8 21. Bd1 Nf8 22. Kg2 f6 23. Rxe8 Rxe8 24. Re1 Rxe1 25. Qxe1 Qd8 26. h4 Nf7 27. Ne6 Qe7 28. Nxf8 Qxe1 29. Bxe1 Kxf8 30. Bg3 Ne5 31. f4 d4+ 32. Kf2 Nc6 33. cxd4 Nxd4 34. c3 Nc6 35. Ke3 f5 36. gxf5 Ne7 37. Bc2 Bc8 38. Bf2 Kf7 39. b4 cxb4 40. Bb3+ Kf6 41. cxb4 Nxf5+ 42. Kd3 Be6 43. Bd1 Bd7 44. Kc3 g6 45. a5 Ne7 46. Bf3 bxa5 47. bxa5 Kf5 48. Bxa7 Kxf4 1/2-1/2

[Event "CADAP"]
[Site "?"]
[Date "2001.03.31"]
[Round "?"]
[White "Ruefenacht Matthias (SUI)"]
[Black "Toro Solis de Ovando Guillerm"]
[Result "1/2-1/2"]
[WhiteElo "2488"]
[BlackElo "2588"]
[PlyCount "56"]
[EventDate "2001.??.??"]
[Source "www.chesslib.no"]
[SourceDate "2004.05.04"]

1. e4 e5 2. Nf3 Nf6 3. Nc3 Bb4 4. Nxe5 O-O 5. Be2 Re8 6. Nd3 Bxc3 7. dxc3 Nxe4 8. Nf4 d6 9. O-O Nd7 10. f3 Nec5 11. c4 Nf6 12. b3 Qe7 13. Rf2 Qe5 14. Rb1 Bf5 15. Bf1 Ne6 16. Nd5 Nxd5 17. cxd5 Qd4 18. Bb2 Qxd1 19. Rxd1 Nc5 20. g4 Bg6 21. h4 h6 22. Rg2 f6 23. h5 Bh7 24. b4 Nd7 25. Bb5 Re7 26. Rdd2 a5 27. Rge2 Rxe2 28. Rxe2 Nb6 1/2-1/2

[Event "Hans & Lenze"]
[Site "Lippstadt"]
[Date "1998.07.30"]
[Round "1"]
[White "Kindermann, Stefan"]
[Black "Pavasovic, Dusko"]
[Result "1-0"]
[WhiteElo "2565"]
[BlackElo "2505"]
[PlyCount "77"]
[EventDate "1998.07.30"]
[Source "ChessBase"]
[SourceDate "1998.09.09"]

1. e4 e5 2. Nf3 Nf6 3. Nc3 Bb4 4. Nxe5 O-O 5. Be2 Re8 6. Nd3 Bxc3 7. dxc3 Nxe4 8. Nf4 c6 9. c4 d6 10. O-O Bf5 11. Be3 Nd7 12. Re1 Ndc5 13. Bf1 a5 14. f3 Ng5 15. Qd2 Qf6 16. Nh5 Qg6 17. Bxg5 Qxh5 18. g4 Bxg4 19. fxg4 Qxg4+ 20. Kh1 Ne4 21. Qf4 Qe6 22. Bd3 f5 23. Bxe4 fxe4 24. Rad1 h6 25. Bh4 Rf8 26. Qxd6 Qxc4 27. Qg6 Rf7 28. Rxe4 Rf1+ 29. Rxf1 Qxf1+ 30. Qg1 Qf5 31. Qg2 g5 32. Bg3 Rd8 33. Re1 h5 34. Be5 Rd5 35. Bc3 h4 36. Qe2 Rd8 37. Rf1 Qd5+ 38. Kg1 b5 39. Qh5 1-0

[Event "Elista ol (Men)"]
[Site "Elista"]
[Date "1998.10.04"]
[Round "6"]
[White "Hernandez, Gilberto"]
[Black "Barua, Dibyendu"]
[Result "1/2-1/2"]
[WhiteElo "2520"]
[BlackElo "2540"]
[PlyCount "69"]
[EventDate "1998.09.29"]
[Source "ChessBase"]
[SourceDate "1998.11.06"]

1. e4 e5 2. Nf3 Nf6 3. Nc3 Bb4 4. Nxe5 O-O 5. Be2 Re8 6. Nd3 Bxc3 7. dxc3 Nxe4 8. Nf4 d6 9. O-O Nd7 10. c4 c6 11. Be3 Ne5 12. f3 Nf6 13. c5 Ng6 14. Bc1 dxc5 15. Qxd8 Rxd8 16. Nxg6 hxg6 17. Be3 b6 18. c4 Ne8 19. Rfd1 Be6 20. g4 f6 21. h4 Nd6 22. b3 Nf7 23. Kf2 Kf8 24. a4 a5 25. Bf4 Ne5 26. Bxe5 fxe5 27. Bd3 Kf7 28. Be4 Rac8 29. Rxd8 Rxd8 30. Ke3 Rd6 31. Ra2 Kf6 32. Rd2 Rxd2 33. Kxd2 g5 34. h5 Bd7 35. Kc3 1/2-1/2

[Event "Bundesliga 0102"]
[Site "?"]
[Date "2002.02.01"]
[Round "5.1"]
[White "Solleveld Maarten"]
[Black "Piket Jeroen"]
[Result "1/2-1/2"]
[WhiteElo "2427"]
[BlackElo "2630"]
[PlyCount "99"]
[EventDate "2002.??.??"]
[Source "www.chesslib.no"]
[SourceDate "2004.05.04"]

1. e4 e5 2. Nf3 Nf6 3. Nc3 Bb4 4. Nxe5 O-O 5. Be2 Re8 6. Nd3 Bxc3 7. dxc3 Nxe4 8. Nf4 d6 9. O-O Nd7 10. c4 Nf8 11. a4 a5 12. Be3 Bd7 13. Nd5 Bc6 14. Re1 Ng6 15. Bf1 h6 16. f3 Nf6 17. Qd2 b6 18. b3 Bb7 19. Bd4 Bxd5 20. cxd5 Nxd5 21. Rxe8+ Qxe8 22. Bb5 c6 23. Bc4 Nge7 24. Re1 Qd8 25. Qf2 Rb8 26. Bb2 Qf8 27. Ba3 Qd8 28. Qd4 Rb7 29. Bd3 Rd7 30. Bb2 Nf6 31. Qh4 Ng6 32. Bxg6 fxg6 33. Qc4+ d5 34. Qxc6 d4 35. Ba3 Kh7 36. Qc4 d3 37. cxd3 Rxd3 38. Be7 Qd4+ 39. Qxd4 Rxd4 40. Re6 Rd1+ 41. Kf2 Rd2+ 42. Ke3 Rb2 43. Bxf6 Rxb3+ 44. Ke4 gxf6 45. Rxf6 h5 46. g3 b5 47. axb5 Rb4+ 48. Ke3 Rxb5 49. Ra6 Kg7 50. h4 1/2-1/2

[Event "18. Mitropa Cup"]
[Site "?"]
[Date "1998.07.11"]
[Round "8"]
[White "Zelcic Robert"]
[Black "Pavasovic Dusko"]
[Result "1/2-1/2"]
[WhiteElo "2540"]
[BlackElo "2505"]
[PlyCount "120"]
[EventDate "1998.??.??"]
[Source "www.chesslib.no"]
[SourceDate "2004.05.04"]

1. e4 e5 2. Nf3 Nf6 3. Nc3 Bb4 4. Nxe5 O-O 5. Be2 Re8 6. Nd3 Bxc3 7. dxc3 Nxe4 8. Nf4 c6 9. c4 d6 10. O-O Bf5 11. Be3 Nd7 12. Re1 a5 13. Bd3 Qf6 14. f3 Ng5 15. Nh5 Qg6 16. Bxf5 Qxf5 17. Ng3 Qf6 18. h4 Ne6 19. Ne4 Qxb2 20. c3 Ndc5 21. Re2 Qa3 22. Qxd6 b6 23. Rae1 Rec8 24. Bxc5 Nxc5 25. Nxc5 Qxc5+ 26. Qxc5 bxc5 27. Re5 Rcb8 28. Rxc5 g6 29. Kf2 Ra6 30. Rce5 Rb2+ 31. R1e2 Rxe2+ 32. Kxe2 a4 33. Re8+ Kg7 34. Rb8 Kf6 35. Kd3 Ke5 36. g3 Ra7 37. Re8+ Kd6 38. Kd4 c5+ 39. Kd3 Kc6 40. g4 Rd7+ 41. Kc2 h5 42. gxh5 gxh5 43. Ra8 Rd6 44. Ra6+ Kc7 45. Ra7+ Kb6 46. Rxf7 Re6 47. Rd7 Re3 48. Rd6+ Kb7 49. Rd3 Re1 50. Rd5 Kb6 51. Kb2 Re2+ 52. Ka3 Re3 53. Kb2 Re2+ 54. Kb1 a3 55. Rxh5 Rb2+ 56. Kc1 Rxa2 57. Rh8 Rf2 58. Kb1 Rxf3 59. h5 Rxc3 60. h6 Rh3 1/2-1/2

[Event "Perm RUS"]
[Site "?"]
[Date "1998.??.??"]
[Round "8"]
[White "Rashkovsky Nukhim N"]
[Black "Vaulin Alexander"]
[Result "1/2-1/2"]
[WhiteElo "2505"]
[BlackElo "2535"]
[PlyCount "33"]
[EventDate "1998.??.??"]
[Source "www.chesslib.no"]
[SourceDate "2004.05.04"]

1. e4 e5 2. Nf3 Nf6 3. Nc3 Bb4 4. Nxe5 O-O 5. Nd3 Bxc3 6. dxc3 Nxe4 7. Be2 d5 8. O-O Nd7 9. f3 Nd6 10. Bf4 Qf6 11. Qe1 Re8 12. Qf2 c5 13. Rfe1 b6 14. Bf1 Ba6 15. Qg3 Nf5 16. Qg4 g6 17. Bd2 1/2-1/2

[Event "ARG-ch Najdorf mem"]
[Site "Buenos Aires"]
[Date "1999.11.25"]
[Round "6"]
[White "Campora, Daniel Hugo"]
[Black "Zarnicki, Pablo"]
[Result "1/2-1/2"]
[WhiteElo "2543"]
[BlackElo "2497"]
[PlyCount "50"]
[EventDate "1999.11.19"]
[Source "ChessBase"]
[SourceDate "2000.02.01"]

1. e4 e5 2. Nf3 Nf6 3. Nc3 Bb4 4. Nxe5 O-O 5. Be2 Re8 6. Nd3 Bxc3 7. dxc3 Nxe4 8. O-O d5 9. Re1 c6 10. a4 a5 11. Bf1 Bf5 12. Be3 Nd7 13. Qc1 Nf8 14. f3 Nd6 15. b3 Ne6 16. Qd2 h5 17. Rad1 Qf6 18. Bf2 Bxd3 19. Bxd3 h4 20. Re3 h3 21. Bg3 Nc5 22. gxh3 Nxd3 23. Qxd3 Nf5 24. Rxe8+ Rxe8 25. Re1 Rxe1+ 1/2-1/2

[Event "Besancon"]
[Site "?"]
[Date "1999.08.28"]
[Round "11.5"]
[White "Degraeve Jean-Marc"]
[Black "Lepelletier Benoit"]
[Result "1-0"]
[WhiteElo "2542"]
[BlackElo "2468"]
[PlyCount "103"]
[EventDate "1999.??.??"]
[Source "www.chesslib.no"]
[SourceDate "2004.05.04"]

1. e4 e5 2. Nf3 Nf6 3. Nc3 Bb4 4. Nxe5 O-O 5. Be2 Re8 6. Nd3 Bxc3 7. dxc3 Nxe4 8. O-O d6 9. Bf3 Nc6 10. Re1 Bf5 11. Be3 Ne5 12. Nxe5 Rxe5 13. Bd4 Re8 14. Bxe4 Bxe4 15. Bxg7 Qg5 16. f3 Bxc2 17. Qxc2 Kxg7 18. Qb3 Qd2 19. Red1 Qe3+ 20. Kh1 Re5 21. Qxb7 Rae8 22. Rg1 Rh5 23. Qb4 f5 24. Qd4+ Qxd4 25. cxd4 f4 26. Rac1 c5 27. dxc5 Rxc5 28. Rxc5 dxc5 29. Rc1 Re2 30. h4 Rxb2 31. Rxc5 Rxa2 32. Rc4 Kg6 33. Rxf4 h5 34. Rc4 a5 35. Kh2 Ra1 36. Rc5 a4 37. Ra5 a3 38. Kg3 a2 39. Kf4 Rh1 40. Ra6+ Kf7 41. Rxa2 Rxh4+ 42. Kg5 Rh2 43. f4 h4 44. f5 h3 45. Ra7+ Ke8 46. gxh3 Rxh3 47. Kg6 Rg3+ 48. Kf6 Rb3 49. Ra8+ Kd7 50. Kf7 Rb7 51. f6 Kd6+ 52. Kg8 1-0

[Event "Lvov Cup of Galychina"]
[Site "Lvov"]
[Date "2001.12.27"]
[Round "10"]
[White "Jonkman, Harmen"]
[Black "Sulypa, Alexandre"]
[Result "1-0"]
[WhiteElo "2491"]
[BlackElo "2513"]
[PlyCount "79"]
[EventDate "2001.12.18"]
[Source "ChessBase"]
[SourceDate "2002.03.21"]

1. e4 e5 2. Nf3 Nf6 3. Nc3 Bb4 4. Nxe5 O-O 5. Be2 Re8 6. Nd3 Bxc3 7. dxc3 Nxe4 8. Nf4 d6 9. O-O Nc6 10. f3 Nc5 11. Rf2 Ne7 12. c4 Nf5 13. Qd2 Bd7 14. b3 Qf6 15. Rb1 Qd4 16. Nd3 Ne6 17. Bf1 a5 18. Bb2 Qe3 19. Qc3 Qb6 20. Re1 f6 21. a3 c5 22. a4 Qc6 23. Qd2 d5 24. Ne5 fxe5 25. cxd5 Qb6 26. dxe6 Bxe6 27. Rxe5 Rad8 28. Qc3 Nd4 29. Qxc5 Qxc5 30. Rxc5 b6 31. Rc7 Bf7 32. Bd3 Ne6 33. Bxh7+ Kxh7 34. Rxf7 Rd1+ 35. Rf1 Rd2 36. Rf2 Rd1+ 37. Rf1 Rd2 38. Re1 Kg6 39. Rb7 Rxc2 40. Rxb6 1-0

[Event "Goodricke 13th op"]
[Site "Calcutta"]
[Date "2002.03.26"]
[Round "10"]
[White "Yegiazarian, Arsen"]
[Black "Mahesh Chandran, Panjanathan"]
[Result "1/2-1/2"]
[WhiteElo "2567"]
[BlackElo "2436"]
[PlyCount "116"]
[EventDate "2002.03.17"]
[Source "ChessBase"]
[SourceDate "2002.03.21"]

1. e4 e5 2. Nf3 Nf6 3. Nc3 Bb4 4. Nxe5 O-O 5. Be2 Bxc3 6. dxc3 Nxe4 7. O-O d5 8. f3 Nf6 9. Bg5 Qd6 10. Bxf6 gxf6 11. Nd3 Bf5 12. Qd2 Nd7 13. Nf4 c6 14. Nh5 Kh8 15. Ng3 Bg6 16. f4 f5 17. Rad1 Nf6 18. Bd3 Ng4 19. Rf3 Qc5+ 20. Kh1 Rae8 21. h3 Nf6 22. Bxf5 Ne4 23. Bxe4 Bxe4 24. Rf2 f5 25. Qd4+ Qxd4 26. Rxd4 Kg7 27. Kh2 Kg6 28. Nxe4 Rxe4 29. Rxe4 dxe4 30. Rd2 Re8 31. Kg3 h5 32. Rd7 Kf6 33. Kf2 Re7 34. Rd6+ Re6 35. Rd8 Re7 36. Rf8+ Rf7 37. Rh8 Rd7 38. Ke3 Kg6 39. a4 Rd1 40. Rg8+ Kf6 41. a5 Re1+ 42. Kd2 Rf1 43. Rb8 Rf2+ 44. Ke3 Rxg2 45. Rxb7 Rxc2 46. Rxa7 Rxb2 47. Rc7 Rh2 48. Rxc6+ Ke7 49. a6 Rxh3+ 50. Kd4 Rd3+ 51. Ke5 e3 52. a7 e2 53. Rc7+ Rd7 54. Rxd7+ Kxd7 55. a8=Q e1=Q+ 56. Kf6 Qxc3+ 57. Kxf5 Qh3+ 58. Kg6 Qg4+ 1/2-1/2

[Event "It (Open) INT"]
[Site "?"]
[Date "2006.05.06"]
[Round "?"]
[White "Hayrapetian Arman"]
[Black "Yakubov Timur"]
[Result "0-1"]
[WhiteElo "2396"]
[BlackElo "2606"]
[PlyCount "96"]
[EventDate "2006.??.??"]
[Source "www.chesslib.no"]
[SourceDate "2004.05.04"]

1. e4 e5 2. Nf3 Nf6 3. Nc3 Bb4 4. Nxe5 O-O 5. Bd3 Re8 6. Nf3 d5 7. e5 Nc6 8. Be2 Nxe5 9. Nxe5 Rxe5 10. d4 Re8 11. O-O Bxc3 12. bxc3 Ne4 13. Bd3 Bf5 14. Qf3 Bg6 15. Bf4 Nxc3 16. Bxg6 Ne2+ 17. Kh1 Nxf4 18. Bxf7+ Kxf7 19. Qxf4+ Kg8 20. Rfe1 Qd7 21. Re5 Rxe5 22. dxe5 Rf8 23. Qd4 b6 24. c4 c6 25. f4 Qf7 26. cxd5 Qxd5 27. Qxd5+ cxd5 28. g3 Rc8 29. Rd1 Rc5 30. Kg2 Kf7 31. Kf3 Ke6 32. Rd2 Rc3+ 33. Kg4 b5 34. Re2 g6 35. Kg5 d4 36. Rd2 d3 37. Kg4 b4 38. Kf3 Kd5 39. Ke3 Kc4 40. g4 a5 41. e6 Rc1 42. f5 gxf5 43. gxf5 Kc3 44. Rxd3+ Kb2 45. Rd2+ Kc3 46. e7 Re1+ 47. Re2 Rxe2+ 48. Kxe2 b3 0-1

[Event "Paris Open"]
[Site "Paris FRA"]
[Date "1995.??.??"]
[Round "?"]
[White "Koch, Jean-Rene"]
[Black "Horvath, Csaba"]
[Result "0-1"]
[WhiteElo "2495"]
[BlackElo "2500"]
[PlyCount "74"]
[EventDate "1995.04.??"]
[Source "www.chesslib.no"]
[SourceDate "2004.05.04"]

1. e4 e5 2. Nf3 Nf6 3. Nc3 Bb4 4. Bc4 O-O 5. O-O d6 6. d3 Bxc3 7. bxc3 Nbd7 8. Re1 Nc5 9. Ba3 Re8 10. Qb1 Ne6 11. d4 Nd7 12. Qd1 Qf6 13. g3 h6 14. h4 Nb6 15. Bf1 Bd7 16. dxe5 dxe5 17. Nh2 Nf8 18. c4 Rad8 19. Qb1 Bc6 20. Qb4 Rd4 21. Bb2 a5 22. Qxa5 Nxc4 23. Bxc4 Rxc4 24. Ng4 Qe6 25. Nxe5 Rxc2 26. Nxc6 Qxc6 27. Rac1 Rxe4 28. Rxe4 Qxe4 29. Rxc2 Qxc2 30. Be5 b6 31. Qa8 Qc1+ 32. Kg2 Qc5 33. Bf4 c6 34. Qb8 Kh7 35. Be3 Qd5+ 36. Kh2 Nd7 37. Qc7 b5 0-1

[Event "Israel (ch)"]
[Site "?"]
[Date "1992.??.??"]
[Round "?"]
[White "Lev, R."]
[Black "Alterman, B."]
[Result "1-0"]
[WhiteElo "2450"]
[BlackElo "2545"]
[PlyCount "101"]
[EventDate "1992.??.??"]
[Source "ChessBase"]
[SourceDate "1992.10.01"]

1. e4 e5 2. Nf3 Nf6 3. Nc3 Bb4 4. Bc4 O-O 5. O-O Bxc3 6. dxc3 d6 7. Bg5 h6 8. Bh4 Bg4 9. h3 Bh5 10. Qd3 Nbd7 11. b4 Qe8 12. Qe3 Bg6 13. Nd2 Nh5 14. a4 Kh8 15. a5 f5 16. exf5 Bxf5 17. a6 b6 18. g4 Qg6 19. Bd5 Nf4 20. Bxa8 Rxa8 21. Kh2 Bxc2 22. c4 Rf8 23. Bg3 h5 24. f3 Qh7 25. Bxf4 Rxf4 26. Kg3 Qh6 27. Rae1 c5 28. b5 Nf8 29. Ne4 Bxe4 30. fxe4 Ne6 31. gxh5 Qxh5 32. Kg2 Qf7 33. Qd3 Qg6+ 34. Qg3 Qh6 35. Rxf4 exf4 36. Qg4 Nd4 37. h4 f3+ 38. Kh2 Kh7 39. Rg1 f2 40. Rf1 Qe3 41. Kg2 Nc2 42. Rxf2 Ne1+ 43. Kf1 Nd3 44. Rf7 Qe1+ 45. Kg2 Qd2+ 46. Kg1 Qc1+ 47. Kh2 Qb2+ 48. Qg2 Qe5+ 49. Qg3 Qb2+ 50. Kh3 Kg8 51. Qf3 1-0